Stati dove l'Arabo è Lingua ufficiale - Statistics

Statistiche generali
  • Questo quiz è stato fatto 72 volte
  • Il punteggio medio è 21 su 25
Statistiche sulle risposte
Continente Nazione % Corretto
Asia Arabia Saudita
100%
Africa Algeria
98%
Africa Egitto
98%
Africa Marocco
98%
Africa Libia
97%
Africa Tunisia
95%
Asia Yemen
95%
Asia Iraq
93%
Asia Oman
93%
Asia Siria
92%
Asia Qatar
90%
Africa Sudan
90%
Asia Emirati Arabi Uniti
88%
Asia Giordania
88%
Asia Kuwait
86%
Asia Libano
86%
Africa Mauritania
86%
Africa Somalia
81%
Africa Ciad
80%
Asia Bahrein
71%
Africa Mali
71%
Africa Gibuti
64%
Asia Palestina
61%
Africa Comore
46%
Africa Tanzania
37%
Nessun quiz corrispondente trovato
Distribuzione punteggi
Percentuale di utenti per punteggio
Percentile per numero di risposta
I tuoi punteggi nel tempo
Non hai fatto questo quiz